LEADER 01715nam0 22003853i 450 001 BVE0448455 005 20251003044059.0 010 $a8884225094 100 $a20071008d2007 ||||0itac50 ba 101 | $aita 102 $ait 181 1$6z01$ai $bxxxe 182 1$6z01$an 200 1 $aDiritto sindacale$fdi Gino Giugni$gcon la collaborazione di Lauralba Bellardi, Pietro Curzio e Mario Giovanni Garofalo 205 $a1. rist. anast 210 $aBari$cCacucci$d2007 215 $a298 p.$d24 cm 300 $aRipr. dell'ed. 2006. 606 $aDiritto sindacale$2FIR$3CFIC004371$9E 676 $a344$9Diritto del lavoro, Diritto in materia di servizio sociale, di educazione e cultura$v14 676 $a344.450188$9DIRITTO DEL LAVORO. Sindacati - ITALIA$v21 700 1$aGiugni$b, Gino$3CFIV015129$4070$033839 702 1$aCurzio$b, Pietro$3CFIV015133 702 1$aGarofalo$b, Mario Giovanni$3CFIV040252 702 1$aBellardi$b, Lauralba$3CFIV060276 790 1$aGiugni$b, Luigi$3SBNV013275$zGiugni, Gino 790 1$aGarofalo$b, Gianni$3CFIV367624$zGarofalo, Mario Giovanni 801 3$aIT$bIT-000000$c20071008 850 $aIT-BN0095 901 $bNAP 01$cPOZZO LIB.$nVi sono collocati fondi di economia, periodici di ingegneria e scienze, periodici di economia e statistica e altri fondi comprendenti documenti di economia pervenuti in dono. 912 $aBVE0448455 950 0$aBiblioteca Centralizzata di Ateneo$b1 v.$c1 v.$d 01POZZO LIB.ECON MON 451$e 0101 0000198395E VMA 1 v. precedente collocazione sez. DASES B 0432$fB $h20080716$i20080716 977 $a 01 996 $aDiritto sindacale$961452 997 $aUNISANNIO